| 000 | 00604nam a2200217Ia 4500 | ||
|---|---|---|---|
| 003 | OSt | ||
| 005 | 20221007083033.0 | ||
| 006 | a|||||r|||| 00| 0 | ||
| 007 | ta | ||
| 008 | 221006b |||||||| |||| 00| 0 eng d | ||
| 024 | _a46,267 | ||
| 037 | _cDissertations | ||
| 040 |
_aFLL _cFLL _beng |
||
| 041 |
_2eng _aeng |
||
| 100 |
_aJHA Aditi _9700144 |
||
| 245 | 0 |
_aShortcomings of Information technology act _b analytical study of cyber defamation and liability of intermediaries |
|
| 260 | _c2020 | ||
| 300 |
_a119p. x _ccm. |
||
| 942 |
_cDIS _2CC |
||
| 999 |
_c1168586 _d1168586 |
||